Quizzes
Events
Quiz Creation
Community
Videos
Private Events
Remove Ads
Sign In
Join for FREE
Feedback
Dark Mode
Quiz Categories
Sports
Geography
Music
Movies
Television
Just For Fun
Miscellaneous
History
Literature
Language
Science
Gaming
Entertainment
Religion
Holiday
For Kids
Quiz Lab
Recent
Popular Today
Quiz Kudos Today
Editor Picks
Curator Picks
Quizzes by...
Day
Popularity
Type
Ratings
Length
Year
Community
Subscriptions
Recent Discussions
Orange Saloon
Badges
Playlists
Quests
Create
Leaderboards
Showdown
Live 5
Trivia Bingo
Activity
Puzzle Library
Sporcle Events
Private Events
Virtual Trivia
Globe League
Become a Host
Pub Owners
SporcleCon
Opinionation
Our Games
Videos
Blog
Mobile Apps
Partnerships
Remove Ads and Go Orange
Feedback
Sports
Athletes
MLB
NBA
NHL
NFL
Soccer
Sports Teams
WWE
NCAA
Football
Premier League
Basketball
Baseball
Hockey
Golf
Tennis
Cricket
Rugby
Auto Racing
Olympics
World Cup
Sports
Athletes
MLB
NBA
NHL
NFL
Soccer
Sports Teams
WWE
NCAA
Football
Premier League
Basketball
Baseball
Hockey
Golf
Tennis
Cricket
Rugby
Auto Racing
Olympics
World Cup
Random Quiz
Search Sporcle
×
Quiz Lab
Quiz Lab
Sports
World
Type in answers that appear in a list
Type in answers that appear in a list
Classic
Best Score? Go Orange.
Top 20 Attacking Players @ World Cup 2010 Stats
Can you name the top 20 Attacking players @ the FIFA World Cup 2010?
By
Bulletchewer6
5m
20 Questions
667 Plays
667 Plays
667 Plays
Comments
Comments
Give Quiz Kudos
Give Quiz Kudos
-
- Ratings
hide this ad
More Info
Replay
Link that replays current quiz
Next Quiz
Link to next quiz in quiz playlist
You Got
0%
They Got
Avg Score
72%
Avg Friend Score
Upgrade to see
Score Distribution
Jump to the score distribution portion of the page
Score
0/20
Timer
05:00
0
Plays Today
Rank
Player
% Correct
2
David Villa
94.6%
6
Miraslav Klose
92.1%
4
Diego Forlán
90.3%
7
Thomas Müller
90.1%
11
Luis Suárez
83.7%
10
Arjen Robben
81%
3
Wesley Sneijder
79.9%
15
Landon Donovan
78.1%
5
Mesut Özil
73.9%
9
Gonzalo Higuaín
73.2%
Rank
Player
% Correct
17
Kaká
72.4%
8
Asamoah Gyan
72%
13
Lukas Podolski
70.3%
16
Carlos Tevez
69.9%
19
Keisuke Honda
65.1%
14
Luís Fabiano
62.2%
1
Bastian Schweinsteiger
59.5%
20
Robinho
59.4%
18
Kevin Prince Boateng
37.9%
12
Róbert Vittek
36.6%
Quiz Playlist
Details
Report
Send in Message
Add To Playlist
More Info:
No source, just a fan's view. Please kindly direct your grievances to the comments section, where a heated debate will doubtless ensue. Enjoy!
Classic:
Type in answers that appear in a list
Last Updated: Feb 16, 2017
Quiz Scoreboard
CHALLENGE
Sign Up to Join the Scoreboard
Show All
Scores
Hide
Comments
May contain spoilers
Recently Published
Billboard Blitz: Fleetwood Mac
by CooCooCachoo
Music
15s
Presidents Visiting Landmarks
by Hejman
History
7m
An Introduction to Baseball
by treessimontrees
Sports
5m
More to Explore
Quiz From the Vault
Featured Blog Post
Where Did the Easter Bunny Come From?
hide this ad
You Might Also Like...
Tags
Country Quiz
World Quiz
2010
cup
Cup Year
FIFA
Player
World Cup 2010
Today's Top Quizzes in Sports
Browse Sports
hide this ad
Today's Top Quizzes in World
Browse World
Top Contributed Quizzes in Sports
1
Les meilleurs buteurs des matchs entre le PSG et l’OM
2
2022 World Cup Stars
3
FIFA Club World Cup Champions
4
Les entraîneurs de l'OM et du PSG au 21e siècle
5
Criteria MLB: Left Handed Sluggers
6
Name the Premier League winners with different clubs
7
5-to-1: UK Sports Teams
8
AFC Teams Reveal (Wrong Answers Minefield)
9
Players with Multiple 50 Home Run Seasons
10
5-to-1: FBS Animal Nicknames
Explore More
Trending Topics
NBA
Harry Potter
Kpop
Crossword
Marvel
Disney
Anime
Pokémon
Puzzle
NFL
WWE
The Office
Country
Song
Soccer
hide this ad
More By:
Bulletchewer6
Quiz
Plays
Rating
Category
Featured
Created
50 British Comedians
4,254
3.13
Entertainment
Mar 22, 2010
Rock, Metal & Grunge Singers
2,534
2.50
Music
Sep 17, 2010
Top 50 Soccer Nations
1,538
2.42
Sports
Jul 14, 2010
Top 20 Attacking Players @ World Cup 2010
667
1.85
Sports
Jul 5, 2010
2010 World Cup Statistics
433
2.67
Sports
Jul 11, 2010
Go to Creator's Profile
Score Distribution
Quiz Creator Spotlight
Bulletchewer6
Follow
Send a Message
Quizzes Created
-
Created Quiz Play Count
-
More By This Creator
Popular Quizzes Today
1
Find the US States - No Outlines Minefield
2
Find the Countries of Europe - No Outlines Minefield
3
The Countries of the World
4
Find the US States
5
US States
6
Popular People in 1961
7
Risky Map Clicking: Biggest States A-Z
8
Movies - When Are They Set?
More Sports Quizzes
Missing Word: Formula 1 Circuits
Curator's Pick
Trending Quizzes
Risky Map Clicking: Least Populous States A-Z
1-10 Letter G Words
1-10 Letter F Words
Risky Map Clicking: Next State Alphabetically
Risky Map Clicking: Biggest States A-Z
Recently Updated
Leaping Animals
pecheneg
Reality TV Shows (A-Z)
bhenderson79
Rickey Henderson's Hall of Fame Teammates
pecheneg
Champions League XIs: Arsenal
pecheneg
Quick Pick: Celebrities in WWE's Hall of Fame
aduchscher
A-Z Keypad Blitz II
pecheneg
Multiple Oscar Actors
pecheneg
Mystery Phrase Blitz: Oscar 'Best Actors'
pecheneg
F. Scott Fitzgerald Novels
LTH
Pick 3 Villains
ddd62291
Trending Topics
NBA
Anime
Marvel
Crossword
Harry Potter
Kpop
Disney
The Office
Puzzle
Pokémon
NFL
Soccer
WWE
Song
Country
Your Account Isn't Verified!
In order to create a playlist on Sporcle, you need to verify the email address you used during registration. Go to your
Sporcle Settings
to finish the process.
Report this User
Report this user for behavior that violates our
Community Guidelines
.
Details:
Send Report
Go to the Sporcle.com Mobile Site →
Comments